[Event "ICS rated blitz match"]
[Site "207.99.83.227"]
[Date "1999.03.21"]
[Round "?"]
[White "Hossa"]
[Black "rajah"]
[Result "1/2-1/2"]
[WhiteElo "2426"]
[BlackElo "2498"]
[PlyCount "173"]

1. e4 c6 2. Nc3 d5 3. exd5 cxd5 4. Bb5+ Bd7 5. Nf3 Nf6 6. O-O e6 7. Ne5 Bb4 8.
Nxd7 Nbxd7 9. a3 Bxc3 10. dxc3 a6 11. Bd3 O-O 12. Re1 Qb6 13. Rb1 Qd6 14. Bg5
Rac8 15. Qe2 Rfe8 16. Qe3 Ng4 17. Qh3 f5 18. Be2 Ndf6 19. Qh4 h6 20. Bxf6 Nxf6
21. Bd3 Red8 22. Qb4 Qxb4 23. axb4 Rd6 24. Re2 Nh5 25. g3 Nf6 26. f3 Rb6 27. h4
Nh5 28. Rbe1 Rcc6 29. Kh2 f4 30. g4 Ng3 31. Re5 Rd6 32. Kh3 Kf7 33. g5 h5 34.
Rb1 Kg8 35. g6 Rbc6 36. b5 axb5 37. Bxb5 Rb6 38. Bd3 Rd8 39. c4 dxc4 40. Bxc4
Rdd6 41. Rbe1 Kf8 42. Rxe6 Rxe6 43. Bxe6 Ke8 44. Bd5+ Kd8 45. Re6 Rxe6 46. Bxe6
Ke7 47. Bd5 b6 48. c4 Kf6 49. Bf7 Nh1 50. b3 Nf2+ 51. Kh2 Nd3 52. Kg2 Ne5 53.
b4 Ke7 54. Kf2 Nd3+ 55. Ke2 Nxb4 56. Kd2 Nc6 57. Kc3 Ne5 58. Bd5 Nxg6 59. Kb4
Nxh4 60. Kb5 g5 61. Kxb6 g4 62. fxg4 hxg4 63. c5 f3 64. c6 Nf5 65. c7 Nd6 66.
Ka7 f2 67. Bg2 g3 68. Kb8 Ke6 69. c8=Q+ Nxc8 70. Kxc8 Kd6 71. Kb7 Kd7 72. Kb8
Ke7 73. Kc7 Ke8 74. Kd6 Kd8 75. Ke5 f1=Q 76. Bxf1 Ke7 77. Kf5 Kd6 78. Kg5 Ke5
79. Kh5 Kf4 80. Kh6 Kf3 81. Kh7 Kf2 82. Bh3 Kg1 83. Kh8 Kf2 84. Kg8 Kg1 85. Kh8
Kf2 86. Kg8 Kg1 87. Kh8 {Game drawn by repetition} 1/2-1/2

[Event "ICS rated blitz match"]
[Site "207.99.83.227"]
[Date "1999.03.21"]
[Round "?"]
[White "rajah"]
[Black "Hossa"]
[Result "1-0"]
[WhiteElo "2495"]
[BlackElo "2429"]
[Annotator "Crafty v16.6"]
[PlyCount "145"]

{annotating for player Hossa using a scoring margin of +0.10 pawns. search
time limit is 12.00} 1. e4 1... c5 2. Nc3 Nc6 3. g3 Nf6 4. Nf3 e5 5. Bg2 Be7 6.
O-O O-O 7. Nd5 d6 8. Nxe7+ Qxe7 9. d3 Bg4 10. c3 Qd7 ({8:-0.59} 10... Qd7 11.
Bg5 Ne8 12. c4 Bh3 13. Bxh3 Qxh3 14. Qe2 14... Nc7 $14) ({8:-0.09} 10... d5 11.
Qe2 c4 12. exd5 cxd3 13. Qe3 Nxd5 14. Qxd3 $10) 11. Bg5 Ne8 12. Qb3 Rb8 13.
Rad1 Bh3 14. d4 Bxg2 15. Kxg2 cxd4 16. cxd4 Qg4 17. dxe5 dxe5 18. h3 Qh5 19.
Rd7 Qg6 20. Be7 Nxe7 21. Rxe7 Qxe4 22. Re1 Qc6 23. Kg1 Qf6 24. R1xe5 Nd6 25.
Ng5 Rbc8 26. Ne4 Nxe4 27. Rxe4 Rc1+ 28. Kg2 Qa6 29. Rf4 Qf1+ 30. Kf3 Qd1+ 31.
Qxd1 Rxd1 32. Rxb7 a6 33. Re4 Rd5 34. Ke2 Ra5 35. a3 g6 36. Ree7 Kg7 37. Rbd7
Ra4 38. f4 h5 39. h4 Kf6 40. Kd3 Ra5 41. Kc2 Kf5 42. Rd3 Rb5 43. a4 Rb4 44. b3
Rb6 45. Kd1 f6 46. Ree3 Rg8 47. Rd5+ Kg4 48. a5 Rc6 49. Rd4 f5 50. Red3 Rb8 51.
b4 Re6 52. Kc1 Rb5 53. Rc4 Kh3 54. Kd2 Re4 55. Kc3 Re1 56. Kc2 Rg1 57. Rc6 Rxg3
58. Rxg3+ Kxg3 59. Rb6 Kxf4 60. Rxb5 axb5 61. a6 Kg4 62. a7 Kxh4 63. a8=Q Kg5
64. Qg2+ Kf6 65. Qc6+ Kg5 66. Qxb5 h4 67. Qe5 Kg4 68. b5 h3 69. b6 g5 70. b7 f4
71. b8=Q Kh4 72. Qd8 Kh5 73. Qdxg5# 1-0

[Event "ICS rated bullet match"]
[Site "207.99.83.227"]
[Date "1999.03.21"]
[Round "?"]
[White "Hossa"]
[Black "rajah"]
[Result "1-0"]
[WhiteElo "2378"]
[BlackElo "2470"]
[PlyCount "151"]

1. e4 Nc6 2. Nf3 e5 3. Bb5 Bb4 4. a3 Ba5 5. Bxc6 dxc6 6. b4 Bb6 7. Bb2 f6 8.
O-O Ne7 9. a4 a5 10. bxa5 Bxa5 11. Bc3 b6 12. Bxa5 Rxa5 13. Nc3 O-O 14. Qe2 Qd6
15. Rab1 Bg4 16. Rfd1 Ng6 17. Qe3 Qc5 18. Rf1 Rd8 19. Ne1 Qxe3 20. dxe3 Rc5 21.
h3 Bxh3 22. Rd1 Rxd1 23. Nxd1 Bd7 24. f3 Ra5 25. Nc3 c5 26. Nd5 Ra7 27. a5 bxa5
28. c4 a4 29. Nd3 c6 30. Nb6 a3 31. Ra1 Be8 32. Nxc5 Nf8 33. Nc8 Ra8 34. Nd6
Bg6 35. Ra2 Ra5 36. Nd3 Kh8 37. Ne1 Ra8 38. Nc2 Rd8 39. c5 Nd7 40. Nxa3 Nxc5
41. Nac4 h5 42. Ra7 Nb3 43. Rc7 c5 44. Kf2 Ra8 45. Nb7 Ra4 46. Nb6 Ra2+ 47. Kg3
Rc2 48. Nd5 c4 49. Nd8 Kg8 50. Ne7+ Kh7 51. Nd5 Kh6 52. Ne7 Nd2 53. Ng8+ Kh7
54. Nxf6+ Kh6 55. Nd7 Nf1+ 56. Kh3 Nxe3 57. Rc6 Rc1 58. Nxe5 Rh1+ 59. Kg3 h4+
60. Kf2 Nd1+ 61. Ke2 Nc3+ 62. Ke3 Kh7 63. Rxg6 Nd5+ 64. exd5 Re1+ 65. Kf4 Rxe5
66. Rxg7+ Kxg7 67. Kxe5 c3 68. Ne6+ Kf7 69. Nd4 Ke8 70. Ke6 Kf8 71. d6 c2 72.
Nxc2 Ke8 73. d7+ Kd8 74. Kd6 h3 75. Nd4 h2 76. Ne6# {rajah checkmated} 1-0

[Event "ICS Rated blitz match"]
[Site "207.99.83.227"]
[Date "1999.03.21"]
[Round "?"]
[White "PostModernist"]
[Black "Hossa"]
[Result "1-0"]
[WhiteElo "2501"]
[BlackElo "2403"]
[PlyCount "87"]

1. e4 c5 2. Nf3 Nc6 3. Bb5 a6 4. Bxc6 dxc6 5. O-O Bg4 6. d3 e6 7. Nc3 Bd6 8. h3
Bxf3 9. Qxf3 Ne7 10. Bg5 O-O 11. Qh5 e5 12. Qg4 Qb6 13. Rfb1 Rae8 14. a4 a5 15.
h4 Rd8 16. Bf6 Ng6 17. Bxd8 Qxd8 18. h5 Qh4 19. Qxh4 Nxh4 20. f3 g6 21. Kf2
gxh5 22. Rh1 Ng6 23. Rxh5 Nf4 24. Rh6 f6 25. Rah1 Rf7 26. Ne2 Ne6 27. c4 Bf8
28. R6h4 Rd7 29. Ke3 h6 30. b3 Kf7 31. g3 Bg7 32. f4 exf4+ 33. gxf4 b6 34. Rg1
Nd4 35. Nxd4 Rxd4 36. Rhg4 Bf8 37. Rg8 Rd8 38. R1g7+ Bxg7 39. Rxd8 h5 40. Rd7+
Kg8 41. Rd6 h4 42. Kf3 h3 43. Rxc6 Kf7 44. f5 {Hossa resigns} 1-0

[Event "ICS rated bullet match"]
[Site "207.99.83.227"]
[Date "1999.03.21"]
[Round "?"]
[White "JSBach"]
[Black "Hossa"]
[Result "0-1"]
[WhiteElo "2080"]
[BlackElo "2398"]
[PlyCount "140"]

1. e4 c5 2. Nc3 Nc6 3. Qh5 e6 4. Bc4 Nf6 5. Qg5 Nd4 6. Bd3 h6 7. Qe5 d6 8. Qg3
d5 9. e5 Nh5 10. Qg4 Qg5 11. Qxg5 hxg5 12. Nb5 Nxb5 13. Bxb5+ Kd8 14. d4 f6 15.
Be3 a6 16. Be2 cxd4 17. Bxd4 Be7 18. O-O-O Bd7 19. Bg4 Kc8 20. Nf3 f5 21. Bxh5
Rxh5 22. Bb6 g4 23. Nd2 Bg5 24. Bc5 Bb5 25. Bd6 Be2 26. Rde1 Bc4 27. b3 Bb5 28.
a4 Bc6 29. Rd1 d4 30. Rdg1 Bf4 31. a5 Bxh2 32. f3 g6 33. Rd1 Bf4 34. Rhf1 gxf3
35. gxf3 Rh3 36. Kb1 Bxd2 37. Rxd2 Bxf3 38. Kc1 g5 39. Rxd4 Be2 40. Rf2 Rh1+
41. Kb2 Rd1 42. c3 Rxd4 43. cxd4 Bd3 44. Rh2 Kd7 45. Kc3 Bb5 46. Rh7+ Kc6 47.
Re7 Kd5 48. Rxb7 g4 49. Rc7 Rh8 50. Bc5 Rh6 51. b4 Rh3+ 52. Kd2 Rd3+ 53. Kc2
Ke4 54. Re7 Ba4+ 55. Kb2 Rd2+ 56. Ka3 Bb5 57. Rxe6 Bc4 58. b5 Bxe6 59. bxa6 Bd5
60. a7 Rd3+ 61. Kb2 Re3 62. Kc2 g3 63. a8=Q Bxa8 64. e6 g2 65. e7 Kd5 66. Ba3
g1=Q 67. Bb4 Re2+ 68. Bd2 Qxd4 69. Kb1 Qxd2 70. a6 70... Qe1# {
JSBach checkmated} 0-1

[Event "ICS rated bullet match"]
[Site "207.99.83.227"]
[Date "1999.03.21"]
[Round "?"]
[White "Hossa"]
[Black "PostModernist"]
[Result "0-1"]
[WhiteElo "2375"]
[BlackElo "2368"]
[Annotator "Crafty v16.6"]
[PlyCount "78"]

{annotating for player Hossa using a scoring margin of +0.10 pawns. search
time limit is 12.00} 1. e4 1... c5 2. Bc4 e6 3. Nc3 Nc6 4. Nf3 d6 5. O-O ({
8:-0.03} 5. O-O 5... e5 6. d4 cxd4 7. Nd5 Bg4 8. Qd3 8... Nf6 $10) ({8:+0.64} 
5. d4 5... cxd4 6. Nxd4 e5 7. Nxc6 bxc6 8. Qh5 g6 9. Qg5 9... Nf6 $14) 5... Nf6
6. d4 cxd4 7. Nxd4 Be7 8. Nxc6 bxc6 9. Be3 ({8:+0.18} 9. Be3 9... O-O 10. Qe2
e5 11. Rfd1 Rb8 12. b4 Rxb4 13. Bxa7 $10) ({8:+0.51} 9. Bg5 9... O-O 10. Qd3
Ng4 11. Bxe7 Qxe7 12. Rad1 Rb8 13. Qf3 $14) 9... O-O 10. Qd3 ({8:-0.18} 10. Qd3
10... Ng4 11. Bc1 d5 12. Bb3 Qd6 13. Qh3 13... Ne5 $10) ({8:-0.06} 10. Qe2
10... e5 11. Rfd1 Ng4 12. b4 Nxe3 13. Qxe3 Bg4 14. Rd2 $10) 10... d5 11. exd5
cxd5 12. Bb3 Qd6 13. Nb5 Qb8 14. Bxa7 ({7:-0.27} 14. Bxa7 14... Rxa7 15. Nxa7
Qxa7 16. a4 Qc5 17. a5 $10) ({7:-0.05} 14. g3 14... Bd7 15. Nc3 Qd6 16. Rad1
Ng4 17. Ne4 $10) 14... Rxa7 15. Nxa7 Qxa7 16. Rfe1 Bc5 17. Re2 Ne4 18. Rf1 Ba6
19. c4 Qb6 20. a4 Rb8 21. Ba2 Qb4 22. Qc2 Nd6 23. b3 dxc4 24. bxc4 Bb6 25. Rc1
Qc5 26. Qd3 Rd8 27. Qb1 Bb7 28. Rc3 Qc6 29. Rg3 Ne4 30. c5 Nxg3 31. fxg3 Bxc5+
32. Kh1 Qxa4 33. Bb3 Qb4 34. Rb2 Rd2 35. Rxd2 Qxd2 36. Bd5 Bxd5 37. Qf1 Bxg2+
38. Qxg2 Qe1+ 39. Qg1 Qxg1# 0-1

[Event "ICS Rated blitz match"]
[Site "207.99.83.227"]
[Date "1999.03.21"]
[Round "?"]
[White "Hossa"]
[Black "rajah"]
[Result "0-1"]
[WhiteElo "2391"]
[BlackElo "2522"]
[Annotator "Crafty v16.6"]
[PlyCount "34"]

{annotating for player Hossa using a scoring margin of +0.10 pawns. search
time limit is 12.00} 1. e4 1... c6 2. Nc3 d5 3. exd5 cxd5 4. Nf3 Nf6 5. Bb5+
Bd7 6. O-O e6 7. Qe2 Bb4 8. a3 Bxc3 9. dxc3 O-O 10. Bf4 ({9:+0.13} 10. Bf4
10... Nh5 11. Bg5 Bxb5 12. Qxb5 Qc7 13. Rae1 f6 14. Bd2 14... Qe7 $10) ({
9:+0.52} 10. Bd3 10... Nc6 11. Bg5 Re8 12. Rad1 e5 13. Bb5 Bg4 14. Bxf6 Qxf6
15. Rxd5 Bxf3 16. Qxf3 Qxf3 17. gxf3 $14) 10... Qb6 11. a4 a6 12. Be3 Qd6 13.
Bd3 ({8:-0.64} 13. Bd3 13... e5 14. Qd2 e4 15. Bf4 Qb6 16. a5 16... Qxb2 $15) (
{8:+0.31} 13. Bxd7 $14) 13... e5 14. Qd2 ({9:-2.05} 14. Qd2 14... e4 15. Bf4
Qe7 16. Rae1 Be6 17. Ng5 exd3 18. Nxe6 fxe6 19. cxd3 $19) ({9:-0.91} 14. b4
14... e4 15. Bc5 exf3 16. Qxf3 Qc7 17. Bxf8 Kxf8 18. Be2 $17) 14... e4 15. Bf4
Qc5 16. b4 Qc8 17. Nd4 exd3 0-1

[Event "ICS rated bullet match"]
[Site "207.99.83.227"]
[Date "1999.03.21"]
[Round "?"]
[White "rajah"]
[Black "Hossa"]
[Result "0-1"]
[WhiteElo "2477"]
[BlackElo "2359"]
[PlyCount "156"]

1. c4 e5 2. Nc3 Nf6 3. Nf3 Nc6 4. e3 Bb4 5. Nd5 Ba5 6. Bd3 O-O 7. Nxf6+ Qxf6 8.
Be4 Bb6 9. Qc2 Qh6 10. c5 d5 11. Bxd5 Nb4 12. Qc4 Ba5 13. Nxe5 Nxd5 14. Qxd5
Qa6 15. c6 Bb4 16. b3 Bd6 17. Bb2 Be6 18. Qd4 f6 19. cxb7 Qxb7 20. Nf3 Rad8 21.
Qa4 Bd5 22. Qg4 Bb4 23. Rd1 Bxf3 24. gxf3 Kh8 25. Qe4 Qb6 26. a3 Bd6 27. Qc4
Qb7 28. e4 Rb8 29. b4 a5 30. Bc3 axb4 31. Bxb4 Bxb4 32. axb4 Rfd8 33. b5 Rd7
34. Ra1 Rbd8 35. Ra2 Rd3 36. Ke2 R3d4 37. Qc6 Qxc6 38. bxc6 Rc4 39. Ra6 Kg8 40.
Rg1 Kf7 41. Kd1 Rd6 42. Rg4 Rcd4 43. Ra7 Rxc6 44. Rh4 Kg6 45. h3 Rcd6 46. Rg4+
Kh6 47. Ra2 c5 48. Rh4+ Kg6 49. Rf4 Rd3 50. Rg4+ Kh6 51. Rh4+ Kg6 52. f4 h5 53.
Rc2 Kh6 54. e5 Rc6 55. exf6 gxf6 56. Rc4 Rd5 57. f3 Rcd6 58. Kc1 f5 59. Rc2 Kg6
60. Kd1 Re6 61. Rb2 Rd3 62. Rb5 Red6 63. Rxc5 Rxd2+ 64. Kc1 Rf2 65. Rc3 Rb6 66.
Rd3 Rc6+ 67. Kd1 Ra6 68. Ke1 Rh2 69. Rd4 Ra1+ 70. Rd1 Rh1+ 71. Kf2 Ra2+ 72. Ke3
Rxd1 73. Rxh5 Kxh5 74. h4 Ra3+ 75. Ke2 Rad3 76. Kf2 R1d2+ 77. Kf1 Re3 78. Kg1
78... Re1# {rajah checkmated} 0-1

[Event "ICS Rated blitz match"]
[Site "207.99.83.227"]
[Date "1999.03.21"]
[Round "?"]
[White "TDChess"]
[Black "Hossa"]
[Result "1-0"]
[WhiteElo "2674"]
[BlackElo "2381"]
[Annotator "Crafty v16.6"]
[PlyCount "32"]

{annotating for player Hossa using a scoring margin of +0.10 pawns. search
time limit is 12.00} 1. Nf3 1... Nc6 2. e4 Nf6 3. e5 Ng4 4. d4 d6 5. Bb5 dxe5
6. h3 e4 7. hxg4 exf3 8. Qxf3 Bd7 9. Be3 Nxd4 10. Bxd4 Bxb5 11. Qxb7 a6 ({
8:-0.98} 11... a6 12. Nc3 Qc8 13. Qe4 Qe6 14. Qxe6 fxe6 15. Nxb5 axb5 16. Ke2
$16) ({8:-0.86} 11... Bd7 12. Qe4 Qc8 13. Rxh7 Bf5 14. Qxa8 Qxa8 15. Rxh8 15...
Bxc2 $16) 12. Nc3 Rb8 ({9:-1.20} 12... Rb8 13. Qe4 Qc8 14. Nxb5 axb5 15. O-O-O
Qb7 16. Qf5 Qxg2 17. Kb1 $16) ({9:-1.05} 12... Qc8 13. Qe4 Qe6 14. Qxe6 fxe6
15. O-O-O O-O-O 16. Kb1 Bc4 17. Ne4 $16) 13. Qe4 Bd7 ({8:-1.64} 13... Bd7 14.
O-O-O e6 15. Qd3 c5 16. Be5 Bb5 17. Qxh7 Rxh7 18. Rxd8+ Rxd8 19. Rxh7 $18) ({
8:-1.26} 13... Qc8 14. Ba7 Rb7 15. O-O-O f5 16. Qd4 fxg4 17. Bc5 $16) 14. O-O-O
Qc8 ({7:-1.82} 14... Qc8 15. Nd5 e6 16. Qe5 Rb7 17. Kb1 17... Bd6 $18) ({
7:-1.64} 14... Rc8 15. Kb1 e6 16. Be3 h6 17. Qe5 17... Rb8 $18) 15. Ba7 Rb7 ({
8:-4.49} 15... Rb7 16. Rxd7 Rxa7 17. Rhd1 f5 18. Qxf5 Ra8 19. Qh5+ g6 20. Qe5
$18) ({8:-2.62} 15... f5 16. gxf5 Ra8 17. Be3 Bxf5 18. Qc6+ Kf7 19. Qc4+ e6 20.
Kb1 $18) 16. Rxd7 Rb4 1-0

[Event "ICS Rated bullet match"]
[Site "207.99.83.227"]
[Date "1999.03.21"]
[Round "?"]
[White "Hossa"]
[Black "heatstroke"]
[Result "0-1"]
[WhiteElo "2380"]
[BlackElo "2732"]
[Annotator "Crafty v16.6"]
[PlyCount "148"]

{annotating for player Hossa using a scoring margin of +0.10 pawns. search
time limit is 12.00} 1. e4 1... e5 2. Nf3 Nc6 3. Bb5 a6 4. Bxc6 dxc6 5. d4 ({
8:-0.30} 5. d4 5... Bg4 6. dxe5 Qxd1+ 7. Kxd1 O-O-O+ 8. Ke2 Bb4 9. Bd2 Bc5 10.
Rd1 $10) ({8:+0.08} 5. Nc3 5... Qd6 6. d4 exd4 7. Nxd4 c5 8. Nf3 Qxd1+ 9. Kxd1
Nf6 10. Bg5 $10) 5... exd4 6. Qxd4 Qxd4 7. Nxd4 Bd7 8. O-O O-O-O 9. Rd1 ({
8:-0.31} 9. Rd1 9... Bg4 10. f3 c5 11. fxg4 cxd4 12. Bg5 12... Ne7 $15) ({
8:-0.05} 9. Nc3 9... Bb4 10. Rd1 Ne7 11. Nce2 Rhe8 12. Bf4 12... Kb8 $10) 9...
Be8 10. Rd3 ({9:-0.36} 10. Rd3 10... c5 11. Nf3 Rxd3 12. cxd3 Be7 13. Nc3 Nf6
14. Bf4 14... Ng4 $15) ({9:-0.13} 10. Nc3 10... c5 11. Nf3 Rxd1+ 12. Nxd1 Nf6
13. Nc3 Be7 14. Bf4 Kd8 15. Rd1+ 15... Bd7 $10) 10... c5 11. Nf5 ({9:-0.86} 11.
Nf5 11... Rxd3 12. cxd3 Bb5 13. Nc3 Bxd3 14. Bg5 c4 15. Rc1 15... Kd7 $17) ({
9:-0.31} 11. Nf3 11... Rxd3 12. cxd3 Ne7 13. Be3 Nc6 14. Nbd2 Kd7 15. Rc1 15...
Nb4 $15) 11... Rxd3 12. cxd3 Bb5 13. Nc3 Bxd3 14. Bg5 c4 15. Rd1 b5 16. a3 g6
17. Ng3 Bg7 18. Rc1 Kd7 19. a4 h6 20. Bd2 b4 21. Nd1 b3 22. Bc3 f6 23. Bd4 h5
24. Nc3 Ne7 25. Bc5 Nc6 26. f4 h4 27. Nh1 Nd8 28. Nf2 Bc2 29. Bd4 Ne6 30. Be3
Rb8 31. Nh3 Rd8 32. Bf2 Rh8 33. Kh1 c6 34. Be3 Bf8 35. f5 gxf5 36. exf5 Bxf5
37. Nf2 Bd6 38. Rd1 Ke7 39. Rc1 Bc2 40. a5 Bb4 41. Ne2 c3 42. bxc3 Bxa5 43. Nd1
Rd8 44. Nb2 Bc7 45. Nd4 Nxd4 46. cxd4 h3 47. Ra1 Be4 48. Rxa6 hxg2+ 49. Kg1 Rd5
50. Ra7 Rd7 51. Ra8 Kf7 52. Rh8 Re7 53. Rh5 Bf3 54. Rh7+ Kf8 55. Rxe7 Kxe7 56.
h4 f5 57. h5 f4 58. Bf2 Be4 59. h6 Kf6 60. Na4 Kg6 61. Be1 f3 62. h7 Kxh7 63.
Bh4 Bf4 64. Bf2 Bc1 65. d5 Bxd5 66. Bc5 b2 67. Nc3 Be4 68. Kf2 Bf4 69. Bd4 Bh2
70. Ke3 Bg1+ 71. Kf4 Bxd4 72. Kg4 g1=Q+ 73. Kh4 Bf2+ 74. Kh5 Qg6# 0-1

[Event "ICS Rated blitz match"]
[Site "207.99.83.227"]
[Date "1999.03.21"]
[Round "?"]
[White "Hossa"]
[Black "Nils"]
[Result "0-1"]
[WhiteElo "2399"]
[BlackElo "2158"]
[Annotator "Crafty v16.6"]
[PlyCount "110"]

{annotating for player Hossa using a scoring margin of +0.10 pawns. search
time limit is 12.00} 1. e4 1... c5 2. Bc4 e6 3. Nc3 Nc6 4. Nf3 a6 5. d4 cxd4 6.
Nxd4 Qc7 7. Nxc6 dxc6 8. O-O ({8:+0.21} 8. O-O 8... Bd6 9. g3 Ne7 10. Qg4 O-O
11. Bh6 11... Be5 $10) ({8:+0.42} 8. Qf3 8... Bd6 9. Bg5 b5 10. Bd3 f6 11. Be3
11... Ne7 $14) 8... b5 9. Bd3 Bb7 10. Bg5 ({8:+0.78} 10. Bg5 10... Be7 11. Qg4
Nf6 12. Qh4 O-O 13. e5 Qxe5 14. Bxf6 Bxf6 15. Qxh7# $16) ({8:+1.08} 10. Qh5
10... Bd6 11. Bg5 Be5 12. Nd1 Nf6 13. Bxf6 gxf6 14. Re1 $16) 10... Be7 11. Qg4
Nf6 12. Qh4 h6 13. Bf4 e5 14. Be3 O-O 15. Bxh6 ({8:-1.54} 15. Bxh6 15... gxh6
16. Qxh6 Ne8 17. Qh5 b4 18. Qg4+ Ng7 19. Ne2 $19) ({8:+0.02} 15. Qg3 15... Qd6
16. Rfd1 Qe6 17. Qf3 Ng4 18. Bb6 18... Bh4 $10) 15... gxh6 16. Qxh6 Nh7 17.
Rad1 Bg5 18. Qh5 Qe7 19. h3 Rad8 20. Qg4 Bc8 21. Qg3 Kh8 22. Ne2 Rg8 23. Qh2
Bf4 24. Nxf4 exf4 25. Kh1 Qh4 26. Be2 Ng5 27. Rxd8 Rxd8 28. f3 Rd2 29. Bd3 Bxh3
30. Kg1 Rxg2+ 31. Qxg2 Bxg2 32. Kxg2 Qg3+ 33. Kh1 Nxf3 34. Rxf3 Qxf3+ 35. Kg1
Qg3+ 36. Kf1 f3 37. c3 Qg2+ 38. Ke1 f2+ 39. Kd1 f1=Q+ 40. Bxf1 Qxf1+ 41. Kd2
Qf2+ 42. Kc1 Kg7 43. e5 Qe3+ 44. Kd1 Qxe5 45. a3 f5 46. Kd2 f4 47. a4 Qe3+ 48.
Kd1 f3 49. Kc2 f2 50. axb5 f1=Q 51. bxa6 Qfd3+ 52. Kb3 Qb6+ 53. Ka4 Qbxa6+ 54.
Kb4 c5+ 55. Kxc5 Qdc4# 0-1

[Event "ICS Rated blitz match"]
[Site "207.99.83.227"]
[Date "1999.03.21"]
[Round "?"]
[White "rajah"]
[Black "Hossa"]
[Result "1-0"]
[WhiteElo "2533"]
[BlackElo "2373"]
[Annotator "Crafty v16.6"]
[PlyCount "86"]

{annotating for player Hossa using a scoring margin of +0.10 pawns. search
time limit is 12.00} 1. e4 1... c5 2. Nc3 Nc6 3. Nf3 Nf6 4. Bc4 d6 ({9:-0.81} 
4... d6 5. O-O Bg4 6. Be2 Bd7 7. d3 Bg4 8. Ng5 Ne5 9. Bxg4 9... Nfxg4 $16) ({
9:-0.51} 4... e6 5. O-O Be7 6. e5 Ng4 7. Re1 f6 8. exf6 Bxf6 9. a3 $14) 5. O-O
Bg4 6. h3 Bh5 7. d3 Qd7 ({8:-0.68} 7... Qd7 8. Bb5 a6 9. Bxc6 Qxc6 10. Bg5 c4
11. Qe2 cxd3 12. Qxd3 $14) ({8:-0.32} 7... e6 8. Bf4 Be7 9. g4 Bg6 10. Nh4 Nd4
11. Nxg6 11... hxg6 $14) 8. Be3 e6 9. Qe2 Be7 10. Rad1 O-O ({9:-0.18} 10... O-O
11. g4 Bg6 12. g5 Ne8 13. Nh4 Ne5 14. Nxg6 Nxg6 15. Qh5 $10) ({9:+0.07} 10...
d5 11. g4 d4 12. gxh5 dxe3 13. Qxe3 Nxh5 14. d4 14... Na5 $10) 11. d4 Nxd4 12.
Bxd4 cxd4 13. Rxd4 Qc7 14. g4 Nxg4 ({9:-0.95} 14... Nxg4 15. hxg4 Bxg4 16. b3
Qc5 17. Rfd1 Bf6 18. R4d3 18... Bh3 $16) ({9:-0.26} 14... Bg6 15. Nh4 Qb6 16.
Nxg6 hxg6 17. Rd3 Qc5 18. b3 Qe5 19. Rfd1 $10) 15. hxg4 Bxg4 16. Bb3 Qc5 17.
Rfd1 Qh5 18. R1d3 Rac8 19. Qe3 h6 20. Nh2 e5 21. Rb4 d5 22. Rxb7 Bc5 23. Qg3
Be2 24. Rxd5 Ba6 25. Rxe5 Qxe5 26. Qxe5 Bxb7 27. Ng4 Bb6 28. Nd5 Bxd5 29. exd5
Rce8 30. Qg3 Kh8 31. d6 Bd4 32. c3 Bc5 33. Kf1 a6 34. d7 Rd8 35. Qc7 Bxf2 36.
Nxf2 f6 37. Nd3 g5 38. Nc5 h5 39. Ne6 Rg8 40. Nxd8 Kh7 41. Bxg8+ Kh8 42. Ne6 h4
43. d8=Q f5 1-0

[Event "ICS rated bullet match"]
[Site "207.99.83.227"]
[Date "1999.03.21"]
[Round "?"]
[White "TDChess"]
[Black "Hossa"]
[Result "1-0"]
[WhiteElo "2685"]
[BlackElo "2376"]
[PlyCount "49"]

1. Nf3 Nc6 2. e4 Nf6 3. e5 Ng4 4. d4 d6 5. Bb5 dxe5 6. h3 e4 7. hxg4 exf3 8.
Bxc6+ bxc6 9. Qxf3 Bb7 10. Be3 Rb8 11. Nc3 e6 12. O-O-O Bb4 13. Ne4 O-O 14. Nc5
Bxc5 15. Qh3 h6 16. dxc5 Qe7 17. g5 Rfd8 18. gxh6 Rxd1+ 19. Rxd1 Rd8 20. Rxd8+
Qxd8 21. Qg3 g6 22. Qe5 Qf8 23. Qxc7 Ba8 24. Qxa7 Qd8 25. h7+ {Hossa resigns}
1-0

[Event "ICS rated bullet match"]
[Site "207.99.83.227"]
[Date "1999.03.21"]
[Round "?"]
[White "Hossa"]
[Black "rajah"]
[Result "1/2-1/2"]
[WhiteElo "2371"]
[BlackElo "2456"]
[PlyCount "100"]

1. e4 e5 2. Nf3 Nf6 3. Nc3 Bb4 4. Nxe5 O-O 5. d3 Bxc3+ 6. bxc3 d5 7. exd5 Qxd5
8. f4 Nc6 9. Nxc6 Qxc6 10. Bd2 Bg4 11. Qc1 Nd5 12. Qb2 Qd6 13. Kf2 b6 14. Kg3
Qg6 15. c4 Nf6 16. Kf2 Rfe8 17. Bc3 Nh5 18. Be5 Qf5 19. g3 f6 20. Bd4 c5 21.
Be3 Re7 22. Bg2 Rae8 23. Rae1 Qc8 24. Qb5 Bd7 25. Bd5+ Kh8 26. Qb1 Bg4 27. Qc1
Qd7 28. Qd2 Bh3 29. c3 Qf5 30. Bc6 Rd8 31. d4 Rc7 32. Bb5 cxd4 33. cxd4 Rd6 34.
d5 Qe4 35. Rhg1 Bg4 36. Rc1 Qf3+ 37. Ke1 Qe4 38. Kf1 Kg8 39. Qe1 Re7 40. Rc3
Rxd5 41. cxd5 Qf3+ 42. Qf2 Qd1+ 43. Kg2 Qxd5+ 44. Kf1 Qxb5+ 45. Kg2 Qd5+ 46.
Kf1 Qd1+ 47. Qe1 Qf3+ 48. Qf2 Qd1+ 49. Qe1 Qf3+ 50. Qf2 50... Qd1+ {
Game drawn by repetition} 1/2-1/2

[Event "ICS rated bullet match"]
[Site "207.99.83.227"]
[Date "1999.03.21"]
[Round "?"]
[White "rajah"]
[Black "Hossa"]
[Result "1/2-1/2"]
[WhiteElo "2452"]
[BlackElo "2375"]
[PlyCount "316"]

1. c4 e5 2. Nc3 Nf6 3. Nf3 Nc6 4. e3 Bb4 5. Nd5 Ba5 6. Bd3 O-O 7. Nxf6+ Qxf6 8.
Be4 Bb6 9. Qc2 Qh6 10. c5 d5 11. Bxd5 Nb4 12. Qc4 Ba5 13. Nxe5 Nxd5 14. Qxd5
Qa6 15. c6 Bb4 16. b3 Bd6 17. Bb2 Be6 18. Qd4 f6 19. cxb7 Qxb7 20. Nf3 Rad8 21.
Qh4 Bd5 22. Qg4 Bxf3 23. Qxf3 Qxf3 24. gxf3 Rd7 25. Rc1 Bb4 26. Bc3 Ba3 27. Rc2
c5 28. Rg1 Kf7 29. Rg4 Rb8 30. Ra4 Bb4 31. Bxb4 cxb4 32. Rc4 Rdb7 33. d4 g5 34.
d5 h5 35. e4 Ke7 36. Ra6 Rf8 37. Rcc6 f5 38. e5 Rd7 39. e6 Rb7 40. Ra5 Rd8 41.
Rca6 Kf6 42. Rc5 Re7 43. Raa5 Rd6 44. Rc2 Ke5 45. Rd2 g4 46. fxg4 fxg4 47. Re2+
Kd4 48. Kd1 Re8 49. Rd2+ Ke5 50. Ke2 Rf8 51. Rc5 Ke4 52. Kd1 a6 53. Kc1 Ke5 54.
Kb2 Ke4 55. Ka1 Ke5 56. Re2+ Kd4 57. Ra5 Kd3 58. Re3+ Kd4 59. Re1 Kd3 60. Kb1
Kd2 61. Re4 Kd3 62. e7 Re8 63. Re3+ Kd4 64. Re1 Kd3 65. Kc1 Kd4 66. Kc2 Rc8+
67. Kd1 Re8 68. Re2 Kd3 69. Ke1 Kd4 70. Kf1 Kd3 71. Re1 Kd4 72. Kg1 Kc3 73. Kh1
Rd7 74. Re3+ Kd4 75. d6 Rxd6 76. Rxh5 Rf6 77. Kg1 Rf7 78. Rhe5 Rf4 79. Re6 Kd5
80. Rxa6 Rd4 81. a4 bxa3 82. Rxa3 Rd2 83. b4 Kc4 84. Ra7 Kxb4 85. Re4+ Kc5 86.
Kg2 Kb6 87. Ra3 Rd5 88. h4 gxh3+ 89. Kxh3 Rf5 90. f4 Rf7 91. Rae3 Kc6 92. Kg4
Rg8+ 93. Kf3 Re8 94. Re2 Kd7 95. Rd4+ Kc6 96. Re6+ Kc7 97. Rc4+ Kd7 98. Rcc6
Rh7 99. f5 Rexe7 100. Red6+ Ke8 101. f6 Rb7 102. Ke2 Rh3 103. Kd1 Rh2 104. Rd2
Rb1+ 105. Kc2 Rxd2+ 106. Kxd2 Kf7 107. Kd3 Rf1 108. Ke4 Rxf6 109. Rc5 Rg6 110.
Rc7+ Kg8 111. Re7 Rh6 112. Ke5 Rh5+ 113. Kd6 Rh4 114. Kd5 Rh3 115. Rc7 Rh2 116.
Ke6 Rh1 117. Rd7 Rg1 118. Kf6 Rh1 119. Rg7+ Kh8 120. Rg5 Rf1+ 121. Ke5 Rh1 122.
Rg6 Rf1 123. Kd5 Re1 124. Rg4 Rf1 125. Rg5 Re1 126. Kd4 Rf1 127. Rg6 Rh1 128.
Ke4 Re1+ 129. Kd5 Rf1 130. Kd6 Rh1 131. Rg4 Re1 132. Rg3 Rf1 133. Kd5 Re1 134.
Rf3 Rg1 135. Rf7 Rh1 136. Kd4 Rg1 137. Re7 Rh1 138. Rc7 Rg1 139. Kd5 Rh1 140.
Re7 Rg1 141. Kd6 Rh1 142. Rf7 Rg1 143. Kc5 Rh1 144. Kc4 Rg1 145. Rd7 Rh1 146.
Rb7 Rg1 147. Kd5 Rh1 148. Ke5 Rg1 149. Kf5 Rh1 150. Ke4 Rg1 151. Rd7 Rh1 152.
Rf7 Rg1 153. Ke3 Rh1 154. Kd3 Rg1 155. Re7 Rh1 156. Kc4 Rg1 157. Re8+ Rg8 158.
Re7 158... Rg7 {Game drawn by the 50 move rule} 1/2-1/2